| 000 | 00920nam a2200241Ia 4500 | ||
|---|---|---|---|
| 001 | dia_1744 | ||
| 003 | CHAP | ||
| 005 | 20230327092740.0 | ||
| 008 | 220117s1971 xx 000 0 und d | ||
| 010 | _a172280 | ||
| 040 | _cCHAP | ||
| 082 | _a630.972 M4 | ||
| 110 | _aMéxico. Secretaría de Agricultura y Ganadería. Instituto Nacional de Investigaciones Agrícolas. | ||
| 245 |
_aAdelantos de la Ciencia Agricola en México. Informe de Labores del INIA. 1966-1968 / _c por el Instituto Nacional de Investigaciones Agricolas. Secretaría de Agricultura y Ganadería. México. |
||
| 260 |
_aMéxico : _b Instituto Nacional de Investigaciones Agricolas, _c1971 |
||
| 300 | _a2 v. | ||
| 650 |
_a1.Agricultura _xMéxico/ _9151474 |
||
| 650 |
_aDesarrollo agricola _xMéxico. |
||
| 901 | _a630.972 M4 | ||
| 902 | _aM | ||
| 905 | _a0000001971 MEXX 0000000000ESP00 | ||
| 942 |
_cLIBRO _2ddc |
||
| 999 |
_c172280 _d172280 |
||